[Event "24. Acropolis 2009"]
[Site "Chalkida GRE"]
[Date "2009.08.13"]
[Round "3.17"]
[White "Reshetnikov, Alexey"]
[Black "Georgiev, Vladimir"]
[Result "1-0"]
[WhiteElo "2408"]
[BlackElo "2530"]
[PlyCount "75"]
[EventDate "2009.08.10"]
[EventType "swiss"]
[EventRounds "9"]
[EventCountry "GRE"]
[Source "lmi"]
[SourceDate "2009.08.10"]

1. e4 e5 2. Nf3 Nc6 3. Nc3 Nf6 4. Bb5 Bd6 5. O-O O-O 6. d3 Ne7 7. d4 Ng6 8.
dxe5 Nxe5 9. Nd4 Bc5 10. Nb3 Bb6 11. Bg5 h6 12. Bh4 Ng6 13. Bg3 d6 14. Kh1 a6
15. Bd3 Re8 16. Nd2 Ne5 17. Nc4 Bd4 18. Nd2 b5 19. Rb1 Bb7 20. a4 bxa4 21. Nxa4
Ng6 22. Nb3 Ba7 23. f3 Nh5 24. Bf2 Bxf2 25. Rxf2 Qh4 26. Kg1 Nhf4 27. Nd4 Qg5
28. Kh1 d5 29. exd5 Qxd5 30. Be4 Rxe4 31. fxe4 Qxe4 32. Nc5 Qe3 33. Qd2 Bxg2+
34. Rxg2 Nxg2 35. Qxg2 Re8 36. c3 Re5 37. Nd7 Re7 38. Nf5 1-0

[Event "24. Acropolis 2009"]
[Site "Chalkida GRE"]
[Date "2009.08.13"]
[Round "3.18"]
[White "Gurevich, Mikhail"]
[Black "Stavrianakis, Ioannis"]
[Result "1-0"]
[WhiteElo "2618"]
[BlackElo "2240"]
[PlyCount "61"]
[EventDate "2009.08.10"]
[EventType "swiss"]
[EventRounds "9"]
[EventCountry "GRE"]
[Source "lmi"]
[SourceDate "2009.08.10"]

1. c4 Nf6 2. Nc3 e6 3. d4 Bb4 4. e3 b6 5. Nge2 c5 6. a3 Ba5 7. Rb1 Nc6 8. d5
exd5 9. cxd5 Bxc3+ 10. Nxc3 Ne5 11. e4 d6 12. Be2 O-O 13. O-O Re8 14. f3 Qe7
15. Be3 Ng6 16. Qd2 h6 17. b4 Nh7 18. bxc5 bxc5 19. Rfe1 Ne5 20. f4 Ng4 21.
Bxg4 Bxg4 22. f5 f6 23. Bf4 Bh5 24. Qf2 Ng5 25. Qh4 Bf7 26. Qg3 Rad8 27. h4 Nh7
28. Nb5 Rd7 29. Nxd6 Red8 30. Nc4 Kh8 31. Rb5 1-0

[Event "24. Acropolis 2009"]
[Site "Chalkida GRE"]
[Date "2009.08.13"]
[Round "3.19"]
[White "Fakhiridou, Ekaterini"]
[Black "Aroshidze, Levan"]
[Result "0-1"]
[WhiteElo "2277"]
[BlackElo "2537"]
[PlyCount "82"]
[EventDate "2009.08.10"]
[EventType "swiss"]
[EventRounds "9"]
[EventCountry "GRE"]
[Source "lmi"]
[SourceDate "2009.08.10"]

1. e4 c5 2. Nf3 e6 3. d4 cxd4 4. Nxd4 a6 5. Nc3 d6 6. Bd3 Nf6 7. O-O Nbd7 8.
Kh1 Qc7 9. f4 Be7 10. Qe2 O-O 11. Bd2 b5 12. a3 Bb7 13. Rae1 Nc5 14. b4 Nxd3
15. cxd3 Rac8 16. Rc1 Qb8 17. Be3 Ba8 18. Qa2 Rc7 19. Nce2 Rfc8 20. Rxc7 Rxc7
21. h3 Qc8 22. Nf3 Bb7 23. Rc1 Rxc1+ 24. Nxc1 Nd7 25. Ne2 Bf6 26. Nfd4 g6 27.
Nb3 e5 28. Na5 Ba8 29. Kh2 exf4 30. Nxf4 Qc3 31. a4 Be5 32. axb5 Qxd3 33. Nc4
Qxe4 34. Nxe5 dxe5 35. bxa6 exf4 36. Bg1 Qxb4 37. a7 Qe4 38. Qb2 h5 39. Bd4 Kh7
40. Bc3 h4 41. Qa2 Kh6 0-1

[Event "24. Acropolis 2009"]
[Site "Chalkida GRE"]
[Date "2009.08.13"]
[Round "3.20"]
[White "Dzagnidze, Nana"]
[Black "Burtasova, Anna"]
[Result "1-0"]
[WhiteElo "2536"]
[BlackElo "2325"]
[PlyCount "49"]
[EventDate "2009.08.10"]
[EventType "swiss"]
[EventRounds "9"]
[EventCountry "GRE"]
[Source "lmi"]
[SourceDate "2009.08.10"]

1. d4 Nf6 2. c4 c5 3. d5 b5 4. cxb5 a6 5. e3 Bb7 6. Nc3 e6 7. e4 axb5 8. Bxb5
Qa5 9. Bd2 Nxe4 10. dxe6 fxe6 11. Qh5+ g6 12. Qe5 Nxc3 13. Qxh8 Qxb5 14. Bh6
Kd8 15. Bxf8 Kc7 16. Qxc3 Nc6 17. a4 Rxa4 18. Rxa4 Qxa4 19. Ne2 Ba6 20. Bxc5
Qe4 21. Be3 Qxg2 22. Rg1 Qe4 23. f3 Qh4+ 24. Bf2 Qa4 25. Rg4 1-0

[Event "24. Acropolis 2009"]
[Site "Chalkida GRE"]
[Date "2009.08.13"]
[Round "3.21"]
[White "Nikolaidis, Ioannis"]
[Black "Firat, Burak"]
[Result "1/2-1/2"]
[WhiteElo "2529"]
[BlackElo "2310"]
[PlyCount "50"]
[EventDate "2009.08.10"]
[EventType "swiss"]
[EventRounds "9"]
[EventCountry "GRE"]
[Source "lmi"]
[SourceDate "2009.08.10"]

1. d4 d5 2. c4 c6 3. Nf3 Nf6 4. Qc2 dxc4 5. Qxc4 Bf5 6. e3 e6 7. Bd3 Bxd3 8.
Qxd3 Be7 9. Nc3 O-O 10. e4 c5 11. d5 Nc6 12. a3 exd5 13. exd5 Na5 14. O-O c4
15. Qf5 g6 16. Qc2 Nb3 17. Rb1 Qa5 18. Bg5 Nxd5 19. Nxd5 Bxg5 20. Qxc4 Rad8 21.
Qxb3 Qxd5 22. Qxd5 Rxd5 23. Nxg5 Rxg5 24. Rfd1 Rc8 25. h4 Rb5 1/2-1/2

[Event "24. Acropolis 2009"]
[Site "Chalkida GRE"]
[Date "2009.08.13"]
[Round "3.22"]
[White "Vragoteris, Antonios"]
[Black "Chirila, Ioan-Cristian"]
[Result "0-1"]
[WhiteElo "2266"]
[BlackElo "2526"]
[PlyCount "78"]
[EventDate "2009.08.10"]
[EventType "swiss"]
[EventRounds "9"]
[EventCountry "GRE"]
[Source "lmi"]
[SourceDate "2009.08.10"]

1. d4 Nf6 2. c4 c5 3. d5 e6 4. Nc3 exd5 5. cxd5 d6 6. e4 g6 7. Nf3 Bg7 8. Bg5
h6 9. Bh4 O-O 10. Nd2 a6 11. a4 Nbd7 12. f4 Re8 13. Be2 Qc7 14. O-O Rb8 15. Kh1
Nh7 16. Rc1 g5 17. Bg3 gxf4 18. Bxf4 Ne5 19. Nc4 Ng5 20. Nxe5 Bxe5 21. Bh5 Bxf4
22. Rxf4 Rf8 23. h4 Nh7 24. Qd3 f6 25. Rcf1 Qg7 26. R4f3 Kh8 27. Rg3 Qe7 28.
Qe3 Qe5 29. Bg6 Rg8 30. Qxh6 Rg7 31. Ne2 Bd7 32. Nf4 Rbg8 33. Nh5 Qxg3 34. Nxg3
Rxg6 35. Qf4 Rxg3 36. Qxd6 Bh3 37. Rf2 Bxg2+ 38. Rxg2 Rxg2 39. e5 R2g4 0-1

[Event "24. Acropolis 2009"]
[Site "Chalkida GRE"]
[Date "2009.08.13"]
[Round "3.24"]
[White "Khurtsilava, Inga"]
[Black "Romanishin, Oleg M"]
[Result "0-1"]
[WhiteElo "2261"]
[BlackElo "2503"]
[PlyCount "107"]
[EventDate "2009.08.10"]
[EventType "swiss"]
[EventRounds "9"]
[EventCountry "GRE"]
[Source "lmi"]
[SourceDate "2009.08.10"]

1. d4 Nf6 2. Nf3 d5 3. e3 g6 4. b3 Bg7 5. Bb2 O-O 6. Bd3 c5 7. Nbd2 Nc6 8. a3
e5 9. Nxe5 Nxe5 10. dxe5 Ng4 11. Nf3 Qc7 12. Qe2 Nxe5 13. Nxe5 Bxe5 14. Bxe5
Qxe5 15. O-O Re8 16. Rae1 Qc3 17. Bb5 Rd8 18. e4 Be6 19. exd5 Rxd5 20. Bd3 Rad8
21. Be4 Rd2 22. Qb5 b6 23. Re3 Qf6 24. Bd3 Kg7 25. b4 Bf5 26. bxc5 Bxd3 27.
cxd3 Rd5 28. Qb4 Rb2 29. Qa4 Rf5 30. Rf3 Rxf3 31. gxf3 Qg5+ 32. Kh1 Qxc5 33. d4
Qd5 34. Re1 Ra2 35. Qd1 Rxa3 36. Kg2 Qg5+ 37. Kh1 Qf4 38. Re3 Ra2 39. Re4 Qd2
40. Qxd2 Rxd2 41. Kg2 a5 42. Kf1 a4 43. Ke1 Rb2 44. Re3 Rb4 45. Rd3 Kf6 46. Rc3
Ke6 47. Rc6+ Kd5 48. Rc7 Kxd4 49. Rxf7 a3 50. Ra7 Rb3 51. Kd2 Rxf3 52. Ra4+ Kc5
53. Ke2 Rh3 54. Ke1 0-1

[Event "24. Acropolis 2009"]
[Site "Chalkida GRE"]
[Date "2009.08.13"]
[Round "3.25"]
[White "Dembo, Yelena"]
[Black "Mamedjarova, Turkan"]
[Result "1-0"]
[WhiteElo "2466"]
[BlackElo "2260"]
[PlyCount "63"]
[EventDate "2009.08.10"]
[EventType "swiss"]
[EventRounds "9"]
[EventCountry "GRE"]
[Source "lmi"]
[SourceDate "2009.08.10"]

1. e4 e5 2. Nf3 Nf6 3. d4 Nxe4 4. Bd3 d5 5. dxe5 Nc5 6. Nc3 c6 7. O-O Be7 8.
Nd4 Nxd3 9. Qxd3 O-O 10. f4 f5 11. Nb3 b6 12. Rd1 Na6 13. Be3 Nc5 14. Nxc5 bxc5
15. Na4 Qa5 16. Qa3 d4 17. Bf2 Ba6 18. b3 Rae8 19. Qc1 Kh8 20. c4 Bc8 21. Nb2
g5 22. Nd3 gxf4 23. b4 cxb4 24. Bxd4 c5 25. Bb2 Bg5 26. Nxf4 Bxf4 27. e6+ Kg8
28. Qxf4 Rxe6 29. Rd3 Qb6 30. Rad1 Qb7 31. Rg3+ Rg6 32. Qe5 1-0

[Event "24. Acropolis 2009"]
[Site "Chalkida GRE"]
[Date "2009.08.13"]
[Round "3.26"]
[White "Melia, Salome"]
[Black "Makropoulou, Marina"]
[Result "1/2-1/2"]
[WhiteElo "2441"]
[BlackElo "2245"]
[PlyCount "81"]
[EventDate "2009.08.10"]
[EventType "swiss"]
[EventRounds "9"]
[EventCountry "GRE"]
[Source "lmi"]
[SourceDate "2009.08.10"]

1. e4 e5 2. Nf3 Nc6 3. Bb5 a6 4. Ba4 Nf6 5. d3 b5 6. Bb3 Be7 7. O-O O-O 8. Re1
d6 9. c3 Na5 10. Bc2 c5 11. Nbd2 Nc6 12. Nf1 Re8 13. Bg5 h6 14. Bh4 Nh7 15.
Bxe7 Nxe7 16. Ne3 Ng6 17. d4 Be6 18. a4 Ng5 19. axb5 axb5 20. Rxa8 Nxf3+ 21.
Qxf3 Qxa8 22. d5 Bd7 23. Nf5 Qa6 24. Qg4 Kf8 25. h4 c4 26. h5 Bxf5 27. exf5 Nf4
28. f6 gxf6 29. Qf3 Qa2 30. Rb1 Ke7 31. Kh2 Qa7 32. Rf1 Qc5 33. Be4 Ra8 34. g3
Nd3 35. b4 Qb6 36. Bxd3 cxd3 37. Qxd3 Rc8 38. Kg1 Rc4 39. Re1 Qc7 40. Re3 Qc8
41. Re1 1/2-1/2

[Event "24. Acropolis 2009"]
[Site "Chalkida GRE"]
[Date "2009.08.13"]
[Round "3.27"]
[White "Zygouris, Hristos"]
[Black "Lomineishvili, Maia"]
[Result "1-0"]
[WhiteElo "2212"]
[BlackElo "2427"]
[PlyCount "93"]
[EventDate "2009.08.10"]
[EventType "swiss"]
[EventRounds "9"]
[EventCountry "GRE"]
[Source "lmi"]
[SourceDate "2009.08.10"]

1. e4 c5 2. Nf3 d6 3. c3 Nf6 4. h3 Nc6 5. Bd3 g6 6. Bc2 Bg7 7. O-O O-O 8. Re1
d5 9. e5 Ne8 10. d4 cxd4 11. cxd4 f6 12. exf6 Nxf6 13. Nc3 Nb4 14. Bb3 Bf5 15.
Ne5 Kh8 16. Bf4 Nc6 17. Qd2 Ne4 18. Nxe4 Bxe4 19. f3 Bf5 20. Nxc6 bxc6 21. Be5
Bf6 22. Rac1 Rc8 23. Qb4 Bxe5 24. Rxe5 e6 25. Qd2 Qh4 26. Kh2 Rf7 27. Qe3 g5
28. Rg1 Rcf8 29. Bd1 a5 30. g4 Bc2 31. Be2 Rf6 32. Rxg5 Qh6 33. Re5 Qf4+ 34.
Qxf4 Rxf4 35. Rc1 Be4 36. fxe4 Rf2+ 37. Kg3 Rxe2 38. exd5 Rxe5 39. dxe5 cxd5
40. Rc6 Rb8 41. b3 a4 42. bxa4 Ra8 43. Rxe6 Rxa4 44. Rd6 d4 45. Rd7 Kg8 46. Kf4
d3+ 47. Kf5 1-0

[Event "24. Acropolis 2009"]
[Site "Chalkida GRE"]
[Date "2009.08.13"]
[Round "3.28"]
[White "Ikonomopoulou, Maria"]
[Black "Ris, Robert"]
[Result "0-1"]
[WhiteElo "2052"]
[BlackElo "2421"]
[PlyCount "60"]
[EventDate "2009.08.10"]
[EventType "swiss"]
[EventRounds "9"]
[EventCountry "GRE"]
[Source "lmi"]
[SourceDate "2009.08.10"]

1. e4 Nf6 2. e5 Nd5 3. d4 d6 4. c4 Nb6 5. exd6 exd6 6. h3 Nc6 7. Nf3 Bf5 8. a3
Be7 9. Nc3 O-O 10. Be3 Bg6 11. Be2 d5 12. c5 Nc4 13. Bf4 Nxb2 14. Qb3 Nd3+ 15.
Bxd3 Bxd3 16. Qxb7 Qd7 17. Ne5 Nxe5 18. Bxe5 Bc4 19. Qxc7 Qe6 20. O-O-O Rfc8
21. Qa5 Bxc5 22. Rhe1 Qh6+ 23. Re3 Bf8 24. Kd2 Rc6 25. Rb1 Re8 26. Qxa7 f6 27.
Qd7 Rce6 28. Nxd5 fxe5 29. Nc7 R8e7 30. Qd8 exd4 0-1

[Event "24. Acropolis 2009"]
[Site "Chalkida GRE"]
[Date "2009.08.13"]
[Round "3.29"]
[White "Kouvatsou, Maria"]
[Black "Maric, Alisa"]
[Result "0-1"]
[WhiteElo "2156"]
[BlackElo "2407"]
[PlyCount "76"]
[EventDate "2009.08.10"]
[EventType "swiss"]
[EventRounds "9"]
[EventCountry "GRE"]
[Source "lmi"]
[SourceDate "2009.08.10"]

1. e4 e6 2. d4 d5 3. exd5 exd5 4. c4 Nf6 5. Nc3 Be7 6. Bd3 O-O 7. Nge2 Nc6 8.
a3 dxc4 9. Bxc4 Bf5 10. O-O Ne4 11. Be3 a6 12. Ng3 Nxg3 13. hxg3 Qd7 14. Ba2
Rad8 15. d5 Ne5 16. Bd4 Bd6 17. Qd2 Rfe8 18. Rfe1 Nd3 19. Re2 Rxe2 20. Nxe2 Re8
21. Bc4 Ne5 22. Ba2 Qe7 23. Nc3 h5 24. Be3 Ng4 25. Bg5 Qd7 26. Re1 Bc5 27. Nd1
Rxe1+ 28. Qxe1 Qa4 29. b4 Bb6 30. Ne3 Bxe3 31. Bxe3 Qxa3 32. Bc4 Nxe3 33. Qxe3
Qxe3 34. fxe3 Be4 35. Kf2 Kf8 36. Bb3 g6 37. g4 hxg4 38. Kg3 f5 0-1

[Event "24. Acropolis 2009"]
[Site "Chalkida GRE"]
[Date "2009.08.13"]
[Round "3.30"]
[White "Okara, Andrey"]
[Black "Parginos, Vassilios"]
[Result "0-1"]
[WhiteElo "2380"]
[BlackElo "2196"]
[PlyCount "73"]
[EventDate "2009.08.10"]
[EventType "swiss"]
[EventRounds "9"]
[EventCountry "GRE"]
[Source "lmi"]
[SourceDate "2009.08.10"]

1. e4 c5 2. Nf3 Nc6 3. d4 cxd4 4. Nxd4 Nf6 5. Nc3 e5 6. Ndb5 d6 7. Bg5 a6 8.
Na3 b5 9. Bxf6 gxf6 10. Nd5 Bg7 11. g3 f5 12. Bg2 f4 13. c3 O-O 14. Nc2 a5 15.
Qh5 Ne7 16. Nxe7+ Qxe7 17. O-O Bb7 18. Rad1 Kh8 19. Qe2 f5 20. Rd3 Rae8 21.
Rfd1 d5 22. Rxd5 Bxd5 23. Rxd5 fxg3 24. hxg3 f4 25. Bh3 Rd8 26. Bg2 Rd6 27. Qd3
Rdf6 28. a4 bxa4 29. c4 Qf7 30. Ne1 fxg3 31. fxg3 Rf2 32. c5 Rxb2 33. Qe3 Rb3
34. Nd3 a3 35. Qe2 Rb1+ 36. Kh2 a2 37. Qd1 0-1

[Event "24. Acropolis 2009"]
[Site "Chalkida GRE"]
[Date "2009.08.13"]
[Round "3.31"]
[White "Charkhalashvili, Inga"]
[Black "Bozinakis, Pavlos"]
[Result "1/2-1/2"]
[WhiteElo "2357"]
[BlackElo "2148"]
[PlyCount "75"]
[EventDate "2009.08.10"]
[EventType "swiss"]
[EventRounds "9"]
[EventCountry "GRE"]
[Source "lmi"]
[SourceDate "2009.08.10"]

1. d4 Nf6 2. Nf3 e6 3. c4 Bb4+ 4. Bd2 Qe7 5. Qc2 Nc6 6. e3 Bxd2+ 7. Nbxd2 d6 8.
Be2 O-O 9. O-O e5 10. d5 Nb8 11. h3 a5 12. b3 Na6 13. a3 Bd7 14. Qc3 Nc5 15.
Qc2 Rfb8 16. b4 Na6 17. Qc3 c6 18. dxc6 bxc6 19. Rab1 axb4 20. axb4 Ra7 21. Ra1
Bf5 22. Ra4 Rba8 23. Rfa1 c5 24. b5 Nb4 25. Rxa7 Rxa7 26. Ne1 h6 27. Ra3 Qc7
28. Qa1 Rxa3 29. Qxa3 e4 30. Bd1 Kh7 31. Nc2 Nd3 32. Be2 Ne5 33. Qa8 Nfd7 34.
Na3 Nb6 35. Qa5 Bg6 36. Nab1 f5 37. Nc3 Qb8 38. Na4 1/2-1/2

[Event "24. Acropolis 2009"]
[Site "Chalkida GRE"]
[Date "2009.08.13"]
[Round "3.32"]
[White "Cherednichenko, Svetlana"]
[Black "Malikentzos, Sotirios"]
[Result "1-0"]
[WhiteElo "2347"]
[BlackElo "2148"]
[PlyCount "63"]
[EventDate "2009.08.10"]
[EventType "swiss"]
[EventRounds "9"]
[EventCountry "GRE"]
[Source "lmi"]
[SourceDate "2009.08.10"]

1. d4 d5 2. Nf3 Nf6 3. e3 c6 4. Bd3 Bg4 5. b3 Nbd7 6. Bb2 e6 7. Nbd2 Bd6 8. h3
Bh5 9. c4 O-O 10. Qc2 Qe7 11. Ne5 Bg6 12. O-O Ba3 13. Bxa3 Qxa3 14. f4 Nxe5 15.
fxe5 Nd7 16. Bxg6 hxg6 17. Rf2 Rac8 18. Raf1 c5 19. Qb1 Nb6 20. cxd5 Nxd5 21.
Nc4 Qa6 22. Qe4 cxd4 23. exd4 Rc7 24. Qh4 Ne7 25. g4 Rd7 26. Nd2 Qd3 27. Nf3 g5
28. Nxg5 Qg6 29. Rxf7 Rxf7 30. Rxf7 Rxd4 31. Rf1 Nc6 32. Qh8+ 1-0

[Event "24. Acropolis 2009"]
[Site "Chalkida GRE"]
[Date "2009.08.13"]
[Round "3.33"]
[White "Mamedjarova, Zeinab"]
[Black "Grapsa, Georgia"]
[Result "1-0"]
[WhiteElo "2325"]
[BlackElo "2083"]
[PlyCount "79"]
[EventDate "2009.08.10"]
[EventType "swiss"]
[EventRounds "9"]
[EventCountry "GRE"]
[Source "lmi"]
[SourceDate "2009.08.10"]

1. d4 Nf6 2. Nf3 e6 3. Bf4 b6 4. e3 Bb7 5. Bd3 Be7 6. h3 c5 7. Nbd2 Nc6 8. c3
d6 9. Qe2 Qc7 10. O-O O-O 11. a4 Rfe8 12. Nc4 Bf8 13. Bg3 e5 14. dxe5 Nxe5 15.
Ncxe5 dxe5 16. Bb5 Re6 17. Rfd1 Bd6 18. Bc4 Ree8 19. Qc2 Ne4 20. Bh2 Qe7 21. a5
Bc6 22. axb6 axb6 23. Qb3 Qb7 24. Rxa8 Rxa8 25. Bxe5 Bf8 26. Bb5 Ra5 27. Bxc6
Qxc6 28. Bf4 c4 29. Qc2 Nc5 30. Nd4 Qa8 31. Bc7 Nd3 32. Rb1 Ra1 33. Rxa1 Qxa1+
34. Kh2 Nxb2 35. Bxb6 Nd1 36. Nf3 Bd6+ 37. g3 Nxc3 38. Ng5 Qf1 39. Qxh7+ Kf8
40. Qh8+ 1-0

[Event "24. Acropolis 2009"]
[Site "Chalkida GRE"]
[Date "2009.08.13"]
[Round "3.34"]
[White "Foisor, Cristina Adela B"]
[Black "Skaperdas, Kostantinos"]
[Result "1-0"]
[WhiteElo "2424"]
[BlackElo "2222"]
[PlyCount "101"]
[EventDate "2009.08.10"]
[EventType "swiss"]
[EventRounds "9"]
[EventCountry "GRE"]
[Source "lmi"]
[SourceDate "2009.08.10"]

1. Nf3 Nf6 2. g3 b5 3. Bg2 Bb7 4. O-O e6 5. d3 Be7 6. c4 bxc4 7. dxc4 c5 8. Nc3
O-O 9. b3 d6 10. Bb2 Qb6 11. Qc2 Nc6 12. Rad1 Nb4 13. Qb1 a6 14. Rd2 Rfd8 15.
Rfd1 Rd7 16. Na4 Qc7 17. Bxf6 Bxf6 18. a3 Bxf3 19. Bxf3 Nc6 20. Nxc5 Rdd8 21.
Na4 Rab8 22. Bxc6 Qxc6 23. Qc2 Be7 24. b4 Rdc8 25. c5 dxc5 26. bxc5 Rb5 27. Rd7
Bf8 28. R7d4 g6 29. Rc4 Be7 30. h4 h5 31. Kh2 Kg7 32. Qc3+ Bf6 33. Qe3 Rd8 34.
Rxd8 Bxd8 35. Qc3+ Kg8 36. Qf3 Qc7 37. Qa8 a5 38. Nc3 Rb8 39. Qf3 Be7 40. Ne4
Bxh4 41. Nd6 Bg5 42. a4 Kg7 43. Nb5 Qe5 44. c6 h4 45. Qc3 hxg3+ 46. fxg3 Bf6
47. Qxe5 Bxe5 48. Rc5 Kf6 49. Kg2 g5 50. c7 Rc8 51. Kf3 1-0

[Event "24. Acropolis 2009"]
[Site "Chalkida GRE"]
[Date "2009.08.13"]
[Round "3.36"]
[White "Dounis, Alexandros"]
[Black "Pavlidis, Anastasios"]
[Result "1/2-1/2"]
[WhiteElo "2186"]
[BlackElo "2348"]
[PlyCount "89"]
[EventDate "2009.08.10"]
[EventType "swiss"]
[EventRounds "9"]
[EventCountry "GRE"]
[Source "lmi"]
[SourceDate "2009.08.10"]

1. e4 c5 2. Nf3 d6 3. d4 Nf6 4. Nc3 cxd4 5. Nxd4 a6 6. Be2 e6 7. O-O Be7 8. Be3
Nc6 9. Qd2 O-O 10. f4 Qc7 11. Nb3 b5 12. Bf3 Bb7 13. Kh1 Rfd8 14. Qf2 Nd7 15.
a4 b4 16. Ne2 Re8 17. Rfd1 Rac8 18. a5 Ncb8 19. Rd4 e5 20. Rd2 Nf6 21. Ng3 Nbd7
22. Re1 Nc5 23. fxe5 dxe5 24. Nxc5 Bxc5 25. Nf5 Bxe4 26. Nxg7 Kxg7 27. Bxc5
Qxc5 28. Bxe4 Qxf2 29. Rxf2 Rc5 30. Bd3 Rxa5 31. Ref1 Re6 32. Rf5 Rc5 33. g4
Rc7 34. b3 e4 35. Bc4 Rd6 36. Rg5+ Kf8 37. Rgf5 e3 38. g5 Ne4 39. Rxf7+ Rxf7
40. Rxf7+ Ke8 41. Rf3 Nxg5 42. Rxe3+ Kd7 43. Bd3 h6 44. Kg2 Ne6 45. Bf5 1/2-1/2

[Event "24. Acropolis 2009"]
[Site "Chalkida GRE"]
[Date "2009.08.13"]
[Round "3.38"]
[White "Yildiz, Betul Cemre"]
[Black "Aggelis, Nikolaos"]
[Result "0-1"]
[WhiteElo "2217"]
[BlackElo "2296"]
[PlyCount "56"]
[EventDate "2009.08.10"]
[EventType "swiss"]
[EventRounds "9"]
[EventCountry "GRE"]
[Source "lmi"]
[SourceDate "2009.08.10"]

1. e4 e5 2. Nf3 Nc6 3. d4 exd4 4. Nxd4 Bc5 5. Be3 Qf6 6. c3 Nge7 7. Bc4 Ne5 8.
Be2 d5 9. O-O Qg6 10. Bh5 Qf6 11. Nb5 Qc6 12. Bxc5 Qxc5 13. Qd4 Qxb5 14. Qxe5
Qxb2 15. Qxg7 Rf8 16. exd5 Bf5 17. d6 cxd6 18. Qd4 Qxa1 19. Qa4+ Kd8 20. Qa3
Qxb1 21. Qxd6+ Ke8 22. Rxb1 Bxb1 23. Qb4 Bf5 24. Bf3 f6 25. Bxb7 Rd8 26. h3 Kf7
27. c4 Rd1+ 28. Kh2 Rb1 0-1

[Event "24. Acropolis 2009"]
[Site "Chalkida GRE"]
[Date "2009.08.13"]
[Round "3.39"]
[White "Vospernik, Andrej"]
[Black "Gluckman, David"]
[Result "0-1"]
[WhiteElo "2170"]
[BlackElo "2275"]
[PlyCount "76"]
[EventDate "2009.08.10"]
[EventType "swiss"]
[EventRounds "9"]
[EventCountry "GRE"]
[Source "lmi"]
[SourceDate "2009.08.10"]

1. e4 Nf6 2. Bc4 d5 3. exd5 Nxd5 4. d4 g6 5. Nf3 Bg7 6. Nc3 c6 7. Bg5 h6 8. Be3
Be6 9. Bxd5 cxd5 10. Qd2 Nd7 11. O-O Nb6 12. Ne5 Kf8 13. f4 Kg8 14. Qe2 Qc8 15.
Qf3 h5 16. Rae1 Bf6 17. h3 h4 18. Ng4 Bg7 19. Ne5 Rh5 20. a4 a5 21. Qe2 Nc4 22.
Bc1 Ra6 23. Qf3 Rd6 24. Nb5 Rd8 25. c3 Bf5 26. Nxc4 Qxc4 27. Rxe7 Qxa4 28. Rxb7
Be4 29. Qe2 Rf5 30. Qe1 Rf6 31. b3 Qxb3 32. Nd6 Qc2 33. Nxe4 dxe4 34. f5 Rxf5
35. Rxf5 gxf5 36. Bg5 Rc8 37. Rd7 Qxc3 38. Rd8+ Rxd8 0-1

[Event "24. Acropolis 2009"]
[Site "Chalkida GRE"]
[Date "2009.08.13"]
[Round "3.40"]
[White "Gogolis, Alexandros"]
[Black "Petraki, Maria"]
[Result "1/2-1/2"]
[WhiteElo "2275"]
[BlackElo "2030"]
[PlyCount "77"]
[EventDate "2009.08.10"]
[EventType "swiss"]
[EventRounds "9"]
[EventCountry "GRE"]
[Source "lmi"]
[SourceDate "2009.08.10"]

1. d4 Nf6 2. Nf3 e6 3. Bg5 c5 4. e3 b6 5. c3 Bb7 6. Nbd2 Be7 7. Bxf6 Bxf6 8.
Bd3 d6 9. O-O O-O 10. Qe2 Nc6 11. a3 g6 12. Rfd1 Qc7 13. Ba6 Bxa6 14. Qxa6 Bg7
15. Rac1 e5 16. dxe5 dxe5 17. e4 Bh6 18. Rb1 Rad8 19. Qe2 Bxd2 20. Nxd2 Rd7 21.
Nc4 Rfd8 22. h4 f6 23. h5 Kg7 24. Ne3 Ne7 25. Rxd7 Rxd7 26. hxg6 hxg6 27. Qg4
Rd8 28. Qe6 Rd6 29. Qc4 Qd7 30. g3 Rd2 31. Kg2 f5 32. exf5 Nxf5 33. Qe4 Nxe3+
34. Qxe3 Qd5+ 35. Kh2 Rd3 36. Qe2 Rd2 37. Qe3 Rd3 38. Qe2 Rd2 39. Qe3 1/2-1/2

[Event "24. Acropolis 2009"]
[Site "Chalkida GRE"]
[Date "2009.08.13"]
[Round "3.41"]
[White "Ozturk, Kubra"]
[Black "Manelidou, Maria"]
[Result "1/2-1/2"]
[WhiteElo "2256"]
[BlackElo "2008"]
[PlyCount "86"]
[EventDate "2009.08.10"]
[EventType "swiss"]
[EventRounds "9"]
[EventCountry "GRE"]
[Source "lmi"]
[SourceDate "2009.08.10"]

1. d4 e6 2. c4 f5 3. Nf3 Nf6 4. g3 c6 5. Bg2 d5 6. Nbd2 Bd6 7. O-O O-O 8. b3
Nbd7 9. Bb2 Qe7 10. Ne5 Ne4 11. Ndf3 Nxe5 12. Nxe5 Bd7 13. f3 Ng5 14. Qd2 Be8
15. h4 Nf7 16. f4 Nxe5 17. fxe5 Bb4 18. Qe3 Bh5 19. a3 Ba5 20. b4 Bd8 21. c5
Qf7 22. Bc1 Qg6 23. Bd2 Be7 24. a4 f4 25. gxf4 Bxh4 26. Kh2 Bg4 27. Bh3 Bxh3
28. Qxh3 Rf5 29. Rg1 Qh6 30. Kg2 Raf8 31. Raf1 Qh5 32. Rf3 Qh6 33. Kf1 Rh5 34.
Qg4 Rff5 35. b5 Be7 36. bxc6 bxc6 37. Rb3 Rh4 38. Qg3 g6 39. Rb8+ Kf7 40. Rb7
Rh3 41. Qg2 Rh2 42. Qg3 Rh3 43. Qg2 Rh2 1/2-1/2

[Event "24. Acropolis 2009"]
[Site "Chalkida GRE"]
[Date "2009.08.13"]
[Round "3.43"]
[White "Efthimiadis, Ilias"]
[Black "Filippas, Sebastian"]
[Result "1/2-1/2"]
[WhiteElo "1988"]
[BlackElo "2224"]
[PlyCount "78"]
[EventDate "2009.08.10"]
[EventType "swiss"]
[EventRounds "9"]
[EventCountry "GRE"]
[Source "lmi"]
[SourceDate "2009.08.10"]

1. d4 Nf6 2. Nf3 g6 3. c4 Bg7 4. Nc3 d5 5. Bg5 Ne4 6. Bh4 Nxc3 7. bxc3 dxc4 8.
e3 Be6 9. Rb1 b6 10. Nd2 O-O 11. Nxc4 c5 12. Be2 Nc6 13. O-O Bxc4 14. Bxc4 Na5
15. Ba6 Qc7 16. Bg3 e5 17. Qa4 f5 18. dxe5 Bxe5 19. Rfd1 Rad8 20. Rxd8 Rxd8 21.
Rd1 Bxg3 22. hxg3 Kg7 23. g4 Rxd1+ 24. Qxd1 fxg4 25. Qxg4 Qf7 26. a3 Nc6 27.
Qe4 Qf6 28. Bb5 Ne5 29. Be2 Nf7 30. Qd3 Qd6 31. a4 Qe6 32. Qa6 Qd7 33. a5 Qd2
34. Qxa7 bxa5 35. Bc4 Qe1+ 36. Kh2 Qxf2 37. Bxf7 Qxf7 38. Qxc5 Qf5 39. Qd4+ Kh6
1/2-1/2

[Event "24. Acropolis 2009"]
[Site "Chalkida GRE"]
[Date "2009.08.13"]
[Round "3.44"]
[White "Sanchez Castillo, Sarai"]
[Black "Sowray, Peter J"]
[Result "1/2-1/2"]
[WhiteElo "2202"]
[BlackElo "2335"]
[PlyCount "95"]
[EventDate "2009.08.10"]
[EventType "swiss"]
[EventRounds "9"]
[EventCountry "GRE"]
[Source "lmi"]
[SourceDate "2009.08.10"]

1. e4 g6 2. d4 Bg7 3. Nc3 d6 4. Bg5 a6 5. Qd2 Nd7 6. O-O-O c5 7. Nf3 cxd4 8.
Nxd4 h6 9. Be3 Ngf6 10. f3 Qc7 11. h4 Ne5 12. g4 b5 13. Be2 Nc4 14. Bxc4 Qxc4
15. g5 b4 16. Qe2 Qxe2 17. Ncxe2 Nh5 18. Rhe1 Bb7 19. Kb1 a5 20. Nb5 Kd7 21.
Nc1 hxg5 22. hxg5 Rhc8 23. Nd3 Ke8 24. Bd4 Bxd4 25. Nxd4 Rc4 26. Ne2 Rac8 27.
Rd2 Ba6 28. Nf2 R4c5 29. Rg1 Kd7 30. Nc1 Nf4 31. Nb3 Rb5 32. Nd4 Rbb8 33. Rg4
e5 34. Nb3 a4 35. Nc1 Rh8 36. Rg1 Rh2 37. Rgd1 Rb6 38. Ng4 Rxd2 39. Nf6+ Ke6
40. Rxd2 Rb8 41. Rh2 d5 42. exd5+ Nxd5 43. Ne4 Rc8 44. Rd2 Rc6 45. Nd3 Bxd3 46.
Rxd3 f5 47. gxf6 Nxf6 48. Nxf6 1/2-1/2